Statistiques concernant Départements français portant le nom d'un cours d'eau

Cliquez ici pour prendre le quiz!

Statistiques générales

  • Ce quiz a été pris 1 798 fois
  • Le résultat moyen est 45 sur 67

Statistiques - réponses

Département% Correct
30Loire
96%
1Ain
91%
2Aisne
88%
33Loiret
87%
3Allier
84%
12Cher
83%
48Rhône
80%
37Marne
79%
6Aube
78%
7Aude
78%
34Lot
78%
46Bas-Rhin
77%
42Moselle
77%
18Eure
76%
47Haut-Rhin
76%
26Indre
75%
44Oise
75%
56Tarn
75%
41Meuse
74%
4Ardèche
73%
21Haute-Garonne
73%
32Loire-Atlantique
73%
10Charente
72%
31Haute-Loire
72%
35Lot-et-Garonne
71%
40Meurthe-et-Moselle
71%
53Seine-et-Marne
71%
52Seine-Maritime
70%
5Ariège
69%
16Doubs
69%
23Gironde
69%
27Indre-et-Loire
69%
57Tarn-et-Garonne
69%
19Eure-et-Loir
68%
28Isère
68%
11Charente-Maritime
67%
15Dordogne
67%
38Haute-Marne
67%
29Loir-et-Cher
67%
58Var
67%
8Aveyron
66%
14Creuse
66%
17Drôme
66%
20Gard
66%
50Saône-et-Loire
66%
9Bouches-du-Rhône
64%
49Haute-Saône
63%
22Gers
62%
24Hérault
61%
45Orne
60%
55Somme
60%
60Vienne
60%
25Ille-et-Vilaine
59%
13Corrèze
58%
65Seine-Saint-Denis
58%
36Maine-et-Loire
57%
39Mayenne
56%
67Val-d'Oise
56%
66Val-de-Marne
55%
61Haute-Vienne
54%
64Hauts-de-Seine
54%
43Nièvre
53%
62Yonne
52%
51Sarthe
50%
54Deux-Sèvres
44%
63Essonne
41%
59Vendée
34%

Distribution des résultats

Percentile par nombre de réponses

% des personnes avec chaque résultat

Votre développement - résultats

Vous n’avez pas pris ce quiz